00349nam a22001097a 4500082002300000100002600023245006300049260004800112300003400160526003700194650000800231 a537bHUTcL-6, P-4 aHutchinson, Robert W. aElementary Electricity ad MagnetismcHutchinson, Robert W. aLondonbUniversity Tutorial press Ltdc1934 avii, 469 p. :bill, ;c20 cm. a0b0c0d537_000000000000000_HUT aMCE